Prioridad para el relanzamiento de la educación nacional /
Salvato in:
| Autore principale: | |
|---|---|
| Natura: | testo |
| Soggetti: | |
| Tags: |
Aggiungi Tag
Nessun Tag, puoi essere il primo ad aggiungerne!!
|
MARC
| LEADER | 00000 a a2200000 04500 | ||
|---|---|---|---|
| 001 | 16848 | ||
| 003 | |||
| 040 | |||
| 100 | |a Rojas Porras, Carlos Luis | ||
| 245 | |a Prioridad para el relanzamiento de la educación nacional / |c Carlos Luis Rojas Porras | ||
| 650 | |a EDUCACION | ||
| 650 | |a CALIDAD DE LA EDUCACION | ||
| 650 | |a REFORMA DE LA EDUCACION | ||
| 773 | |g volumen 12, número 3; páginas 53-63 | ||
| 999 | |c 31200 |d 31200 | ||
